000 01057nam a22003137a 4500
003 CHAP
005 20220329134509.0
008 971013s1926 r 00010 d
010 _a21213
011 _a22185
035 _a26278
040 _cCHAP
090 _aFolleto 1325
100 0 0 _aCiferri, Rafael.
_923268
245 _aHongos parásitos y saprófitos de la República Dominicana; 3a. serie
260 _aSantiago Domingo :
_bEstación Agronómica de Haina,
_c1926
300 _a10 p.
490 _aEstación Agronómica de Haina. Serie B. Botánica
_v; 4
590 _aBATCH-UPD
_b10
_c20130110
_lUCH01
_h1737
590 _aBATCH-UPD
_b10
_c20130410
_lUCH01
_h1117
590 _aBATCH-UPD
_b10
_c20130914
_lUCH01
_h0939
590 _aCONVERSION
_b10
_c20130109
_lUCH01
_h1313
650 1 4 _aHongos fitopatógenos.
_956132
700 0 _aGonzález Fragoso, Romualdo.
_948910
830 0 _aEstación Agronómica de Haina. Serie B. Botánica
_v; 4
_938214
901 _aBK
942 _cFOLL
949 _aFolleto 1325
_bBC
_cFOLL
_d-60711
_eTS1
_i26278
_si
999 _c21213
_d21213